Spieler der österreichischen Fußballbundesliga 2022/23 - Statistiken

Allgemein
  • Dieses Quiz wurde 92 mal gespielt
  • Das Durchschnittsergebnis liegt bei 6 aus 36
Antwortstatistiken
Marktwert / Spieler % Korrekt
5,00 Mio Alexander Prass
48%
3,50 Mio Marco Grüll
47%
20,00 Mio Strahinja Pavlovic / Benjamin Sesko
43%
20,00 Mio Nicolas Seiwald / Luka Sucic
35%
22,00 Mio Noah Okafor
35%
3,00 Mio Gregory Wüthrich / David Affengruber / William Boving
34%
2,00 Mio Dominik Fitz
27%
3,50 Mio Matthias Braunöder
26%
5,00 Mio Keito Nakamura
25%
4,00 Mio Jon Gorenc Stankovic
23%
1,75 Mio Leopold Querfeld
22%
3,50 Mio Marin Ljubicic
19%
0,70 Mio Markus Pink / Philipp Menzel
14%
0,80 Mio Nicolas Wimmer
14%
0,80 Mio Andy Irving
13%
0,60 Mio Donis Avdijaj / Dominik Frieser
13%
1,80 Mio Lukas Mühl
13%
2,50 Mio Tai Baribo
13%
2,00 Mio Denso Kasius
10%
1,00 Mio Matthäus Taferner
10%
0,60 Mio Stefan Nutz
10%
0,70 Mio Samuel Sahin-Radlinger
9%
2,00 Mio Moses Usor
8%
0,80 Mio Thomas Sabitzer
8%
0,80 Mio Stefano Surdanovic
6%
2,00 Mio Adis Jasic
5%
0,65 Mio Jürgen Heil
5%
1,00 Mio Nemanja Motika
5%
0,80 Mio Tim Prica
5%
0,70 Mio Zan Rogelj / Lukas Sulzbacher
5%
0,65 Mio Aleksandar Lutovac
4%
0,80 Mio Amrehan Gedikli
4%
0,60 Mio Husein Balic
4%
0,45 Mio Manuel Thurnwald
4%
2,50 Mio Marko Lazetic
4%
0,70 Mio Ousmane Diakité
4%
Keine übereinstimmenden Quizze gefunden
Verteilung der Resultate
Anzahl Personen mit jedem Resultat
Perzentil nach korrekt beantworteten Fragen
Ihre Resultats-Entwicklung
Sie haben dieses Quiz noch nicht gespielt